000 00764nam a22002177a 4500
003 UA-OsUOA
001 58896
007 ta
008 20090303b un ||||| |||| 00| 0 ukr d
100 _aКрюкова О.А.
090 _a81
_bК85
942 _cSA
040 _aUA-OsUOA
_brus
_cUA-OsUOA
_dUA-OsUOA
245 _aО семантике термина-концепта
300 _aС.105-115
955 _a0
041 _arus
080 _a81
773 0 _w58894
_tВестник Московского университета. Серия 19. Лингвистика и межкультурная коммуникация
_dМ.
_d2008
_g4
650 7 _a8 Мовознавство. Художня література. Літературознавство
_2UDC
999 _c344970
_d344970